| 000 | 00958nam a2200241 i 4500 | ||
|---|---|---|---|
| 003 | DO-SdBNP | ||
| 005 | 20241217095943.0 | ||
| 007 | ta | ||
| 008 | 201016b1991 dr a1 c 00| 0 0nspa d | ||
| 040 |
_aDO-SdBNP _bspa _cBNPHU _erda |
||
| 082 |
_axxx _bR789 _222 |
||
| 100 | 1 |
_aRosario, Esteban _d1953- _eautor _4aut. _99330 |
|
| 245 | 1 | 0 |
_aIglesia católica y oligarquía / _cEsteban Rosario |
| 264 | 1 |
_aSanto Domingo : _bEditora Búho, _c1991. |
|
| 300 |
_a236 páginas _bilustraciones _c21 cm. |
||
| 336 |
_atexto _btxt _2rdacontent |
||
| 337 |
_asin mediación _bn _2rdamedia |
||
| 338 |
_avolumen _bnc _2rdacarrier |
||
| 505 | 0 |
_aResumen histórico -- _tTrujillo y la iglesia -- _tEl poder de las tinieblas -- _tIglesia y oligarquía -- _tRiqueza de la iglesia -- _tIglesia y cambio social -- _tIglesia y militares -- _tHabla el arzobispo _tProhíbe ocupación -- _tConclusión. |
|
| 590 | _aInventariado, 2024/ YL | ||
| 910 | _aYLockward | ||
| 942 |
_2ddc _cLBS1 |
||
| 999 |
_c48903 _d48903 |
||